Statistics for General Knowledge 2

Click here to take the quiz!

General Stats

  • This quiz has been taken 39 times
  • The average score is 7 of 15

Answer Stats

HintAnswer% Correct
By surface area what is the smallest country in the world?Vatican city
89%
In what year did the Titanic sink?1912
84%
In american football how many points are given for a safety?2
71%
Discovered by William Hershel in 1781, what was the first planet to be discovered?Uranus
66%
What is the name given to a 1.5L bottle of champagne?Magnum
63%
Who was the first person ever to recieve 2 nobel prizes?Marie curie
53%
After the US and Russia which country has the most nuclear war heads with an estimated 300?France
50%
How many bones are in one human hand/wrist?27
39%
Recorded in furnace creek ranch, California 1913, what is the highest recorded temperature (centigrade)?56.7C
37%
How long was the 100 years war (in years)?116
34%
What is the smallest bird in existence?Bee hummingbird
24%
What according to the WHO is the 2nd most common cause of death worldwide.Stroke
18%
What day is celebrated on the 25th April in Australia?Anzac
16%
Winning 6 in total, which team has won the most superbowls?Pittsburgh Steelers
16%
Which cornish cheese is known for being wrapped in nettles?Yarg
13%

Score Distribution

Percentile by Number Answered

Percent of People with Each Score

Your Score History

You have not taken this quiz